Planning green paper (Record no. 69103)
[ view plain ]
| 000 -LEADER | |
|---|---|
| fixed length control field | 01199cam a2200193 4500 |
| 001 - CONTROL NUMBER | |
| control field | WB3747-26 |
| 008 - FIXED-LENGTH DATA ELEMENTS--GENERAL INFORMATION | |
| fixed length control field | 011213n2001 000 0 eng u |
| 035 ## - SYSTEM CONTROL NUMBER | |
| System control number | (Sirsi) u115986 |
| 245 ## - TITLE STATEMENT | |
| Title | Planning green paper |
| 260 ## - PUBLICATION, DISTRIBUTION, ETC. | |
| Date of publication, distribution, etc. | 2001 |
| 490 ## - SERIES STATEMENT | |
| Series statement | RICS Planning and Development Faculty News |
| Volume/sequential designation | 12 December 2001, (1) |
| 520 ## - SUMMARY, ETC. | |
| Summary, etc. | RICS has welcomed government's planning green paper, published on 12 December 2001, which promises to create a more streamlined system, which responds more rapidly to changing social and economic trends. Perhaps the most significant move by government is to remove the role of the county councils in the planning process, thereby increasing the role of the regional and local authorities. Among the changes particularly welcomed by RICS are: the creation of Business Planning Zones, and additional compensation for businesses affected by compulsory purchase orders. To view "Planning: delivering a fundamental change" visit: http://www.planning.dtlr.gov.uk/consult/greenpap/index.htm |
| 590 ## - LOCAL NOTE (RLIN) | |
| Local note | WB |
| 650 ## - SUBJECT ADDED ENTRY--TOPICAL TERM | |
| Topical term or geographic name entry element | GREEN PAPER |
| 650 ## - SUBJECT ADDED ENTRY--TOPICAL TERM | |
| Topical term or geographic name entry element | RICS |
| 650 ## - SUBJECT ADDED ENTRY--TOPICAL TERM | |
| Topical term or geographic name entry element | PLANNING SYSTEM |
| 690 ## - LOCAL SUBJECT ADDED ENTRY--TOPICAL TERM (OCLC, RLIN) | |
| Topical term or geographic name as entry element | ENVIRONMENTAL AND LAND CONSULTANCY-PLANNING AND DEVELOPMENT |
| 942 ## - ADDED ENTRY ELEMENTS (KOHA) | |
| Suppress in OPAC | 0 |
| Withdrawn status | Lost status | Source of classification or shelving scheme | Damaged status | Not for loan | Home library | Current library | Shelving location | Date acquired | Total Checkouts | Full call number | Barcode | Date last seen | Copy number | Price effective from | Koha item type |
|---|---|---|---|---|---|---|---|---|---|---|---|---|---|---|---|
| Dewey Decimal Classification | London | London | News article | 13/12/2001 | WB3747-26 | 115986-1001 | 06/08/2019 | 1 | 06/08/2019 | News article |